000 01284nam a2200325 4500
003 EG-GICUC
005 20260121101219.0
008 251113s2012 ua ||||fr|||| 00| 0 ara d
017 _a20124951
020 _a9789770469686
040 _a EG-GICUC
_bara
_c EG-GICUC
_d EG-GICUC
_erda
041 0 _aara
082 0 4 _221
_a341.83
_bه ا . ن
092 0 4 _221
099 _aLaw1 12 341.83 ه ا . ن 1 ed - 2012
100 0 _aهانى سمير عبد الرازق
_eمؤلف.
245 1 2 _aالنظام القانونى لإذن العمل لدى الهيئات الأجنبية فى القانون المصرى /
_cهانى سمير عبد الرازق.
250 _aالطبعة الاولى
264 1 _aالقاهرة :
_bدار النهضة العربية،
_c2012.
300 _a108 صفحة ;
_c24 سم.
336 _2rda content
_atext
337 _2rda media
_aComputer
338 _2rda carrier
_aOnline Resource
504 _aيحتوي على ارجاعات ببليوجرافية يحتوي على قائمة بالمراجع
546 _aالنص باللغة العربية
650 1 _aالأجانب
_x قانون دولي
_zمصر
856 4 0 _uhttps://fll.law.cu.edu.eg/fulltext/bks/B12-01276.pdf
905 _a75
_eYara
942 _2ddc
_n0
_cBK
_e21
999 _c43151
_d43151